Spanish Infinitives - I - Statistics

General Stats
  • This quiz has been taken 3 times
  • The average score is 13 of 15
Answer Stats
Hint Answer % Correct
Ir to go
100%
Ilustrar to illustrate
100%
Imaginar to imagine
100%
Imitar to imitate/copy
100%
Incluir to include
100%
Indicar to indicate
100%
Influir to influence
100%
Informar to inform
100%
Iniciar to initiate/begin
100%
Insistir to insist
100%
Inventar to invent
100%
Investir to invest
100%
Irritar to irritate
100%
Incendiar to set fire/fire
33%
Impedir to prevent
0%
No matching quizzes found
Score Distribution
Percent of People with Each Score
Percentile by Number Answered
Your Score History
You have not taken this quiz